Mass Media Laws and Regulations (Record no. 990)

MARC details
000 -LEADER
Fixed length control field 00485nam a2200169 4500
003 - CONTROL NUMBER IDENTIFIER
Control field SEACOMMC
005 - DATE AND TIME OF LATEST TRANSACTION
Control field 20250430124555.0
008 - FIXED-LENGTH DATA ELEMENTS--GENERAL INFORMATION
Fixed length control field 250113b |||||||| |||| 00| 0 eng d
020 ## - INTERNATIONAL STANDARD BOOK NUMBER / ISBN
International Standard Book Number 978-93-5097-480-3
Price Rs,190.00
040 ## - CATALOGING SOURCE
Original cataloging agency SEACOMMC
082 ## - DEWEY DECIMAL CLASSIFICATION NUMBER
Classification number 343.099
Book Number R 277
100 ## - MAIN ENTRY--PERSONAL NAME
Personal name Rayudu, C S.
245 1# - TITLE STATEMENT
Title Mass Media Laws and Regulations
Statement of responsibility C S Rayudu and S B Nageswar Rao
260 ## - IMPRINT
Place of publication Mumbai
Name of publisher Himalaya Publishing House
Date of publication 1995
650 ## - SUBJECT ADDED ENTRY--TOPICAL TERM
Topical term Laws and Regulations
942 ## - ADDED ENTRY ELEMENTS (KOHA)
Koha item type Books
Holdings
Withdrawn status Lost status Source of classification Damaged status Not for loan Home library Current library Shelving location Date acquired Total Checkouts Call number Accession number Date last seen Price effective from Koha item type Copy number
    Dewey Decimal Classification     SEACOM MANAGEMENT COLLEGE SEACOM MANAGEMENT COLLEGE Reference 27/12/2007   343.099 R 277 M-1620 13/01/2025 13/01/2025 Books  
    Dewey Decimal Classification     SEACOM MANAGEMENT COLLEGE SEACOM MANAGEMENT COLLEGE   27/12/2007   343.099 R 277 M-1621 13/01/2025 13/01/2025 Books 1
    Dewey Decimal Classification     SEACOM MANAGEMENT COLLEGE SEACOM MANAGEMENT COLLEGE   27/12/2007   343.099 R 277 M-1622 13/01/2025 13/01/2025 Books 2
© Seacom Engineering College, All rights reserved.    Powered by Koha